Principles and Practice of Management (Record no. 240132)

MARC details
000 -LEADER
fixed length control field 00357nam a2200133Ia 4500
005 - DATE AND TIME OF LATEST TRANSACTION
control field 20250729165807.0
008 - FIXED-LENGTH DATA ELEMENTS--GENERAL INFORMATION
fixed length control field 250729s2010 xx 000 0 und d
041 ## - LANGUAGE CODE
Language code of text/sound track or separate title eng
082 ## - DEWEY DECIMAL CLASSIFICATION NUMBER
Classification number 370.50 CHAP
100 ## - MAIN ENTRY--PERSONAL NAME
Personal name T.N.Chaabra
9 (RLIN) 233139
245 ## - TITLE STATEMENT
Title Principles and Practice of Management
260 ## - PUBLICATION, DISTRIBUTION, ETC.
Place of publication, distribution, etc. India
Name of publisher, distributor, etc. Dhanpat Rai & Co
Date of publication, distribution, etc. 2010
650 ## - SUBJECT ADDED ENTRY--TOPICAL TERM
Topical term or geographic name entry element Education
9 (RLIN) 233140
Holdings
Withdrawn status Lost status Damaged status Not for loan Home library Current library Date acquired Source of acquisition Total Checkouts Full call number Barcode Date last seen Price effective from Koha item type
        St Aloysius Library St Aloysius Library 07/29/2025 Management Book   370.50 CHAP BED05451 07/29/2025 07/29/2025 Book